| 000 | 00534nam a2200169 i 4500 | ||
|---|---|---|---|
| 001 | 101878 | ||
| 003 | ES-MaACL | ||
| 005 | 20230906183011.0 | ||
| 007 | t| | ||
| 008 | 051026s1967 sp ||||1| spa d | ||
| 100 | 1 |
_aMende, Herbert G. _980093 |
|
| 245 | 1 | 0 |
_aTransistores y diodos _b: características técnicas / _cHerbert G. Mende ; [traducción... Benjamín Montolí]. |
| 260 |
_aBarcelona : _bMarcombo, _c1967. |
||
| 300 |
_a240 p. ; _c18 cm. |
||
| 700 | 1 |
_aMontolí, Benjamín. _982674 |
|
| 852 |
_aES-MaACL _jC-34166 _bR.65123 |
||
| 999 |
_c101878 _d101878 |
||